Japanese Inventions - Statistics

General Stats
  • This quiz has been taken 383 times
  • The average score is 12 of 22
Answer Stats
Hint Answer % Correct
Japanese wrestling Sumo
97%
Martial art and Olympic sport Judo
83%
Portable tool to perform simple calculations Pocket Calculator
82%
Sing-along instrumental songs with lyrics Karaoke
81%
Railway transportation that can reach record speeds Bullet Train
72%
Ideograms used in instant messages and websites Emojis
70%
Sword used by samurai warriors Katana
67%
Foldable mattress traditionally on the floor Futon
66%
Helps to take photos of yourself with your phone Selfie Stick
66%
Ship the navy uses to transport airplanes Aircraft Carrier
63%
Portable cassette player Walkman
63%
2D barcode consisting of black squares on a white background QR Code
62%
Electric appliance to steam this staple food Rice Cooker
59%
Way to watch movies on cassettes at home Video Home System (VHS)
48%
Meal sometimes in a cup prepared by adding hot water Instant Noodles
43%
Naturally occurring compound associated with umami Monosodium Glutamate (MSG)
38%
Best-selling videogame console of all time Playstation 2
38%
Coffee made without exposure to heat Cold Brew
28%
Drivers oversteer their cars to navigate tight turns Drifting
27%
Sport where non-lethal projectiles are shot at opponents Airsoft
14%
Cleaner alternative to white-out fluid for concealing typos Correction Tape
9%
Process management philosophy started at Toyota Lean Manufacturing
8%
No matching quizzes found
Score Distribution
Percent of People with Each Score
Percentile by Number Answered
Your Score History
You have not taken this quiz